| 000 | 00689nam a2200229 a 4500 | ||
|---|---|---|---|
| 001 | 2395 | ||
| 003 | CDMR | ||
| 005 | 20140123114509.0 | ||
| 008 | 130130s1996||||||||||||||||||||||||||||d | ||
| 020 | _a8423991290 | ||
| 040 |
_aCDMR _bcat _cCDMR |
||
| 100 | 1 |
_aLeguineche, Manuel _91789 |
|
| 245 | 1 | 3 |
_aLa tribu _b: Guinea Ecuatorial, 1979-1996 _cManuel Leguineche |
| 250 | _aEd. rev. | ||
| 260 |
_aMadrid _c1996 _bEspasa Calpe |
||
| 300 | _a423 p. | ||
| 490 | 0 |
_aGrandes de Bolsillo. _aNarrativa _v25 |
|
| 650 | 0 | 4 |
_9797 _aReportatges literaris |
| 650 | 0 | 4 |
_93678 _aCorresponsals de guerra _vRelats personals |
| 650 | 0 | 4 |
_94240 _aÀfrica _zGuinea Equatorial _xPolítica i govern |
| 942 |
_cMON _2udc |
||
| 999 |
_c2395 _d2395 |
||